[Event "Brandenburg-ch Seniors 13th"]
[Site "Lindow/Mark"]
[Date "2005.09.10"]
[Round "4"]
[White "Heinze, Johannes"]
[Black "Ollek, Karl Heinz"]
[Result "0-1"]
[WhiteElo "1391"]
[BlackElo "1592"]
[PlyCount "74"]
[EventDate "2005.09.07"]
[EventType "swiss"]
[EventRounds "9"]
[EventCountry "GER"]
[SourceTitle "EXT 2007"]
[Source "ChessBase"]
[SourceDate "2006.11.23"]
[SourceVersion "1"]
[SourceVersionDate "2006.11.23"]
[SourceQuality "1"]

1. e4 g6 2. d4 Bg7 3. Nf3 d6 4. Be3 Nf6 5. Nbd2 0-0 6. Be2 Ng4 7. Bf4 e5 8. Bg5 Qe8 9. d5 h6 10. Bh4 f5 11. h3 Nf6 12. exf5 gxf5 13. Nb3 a5 14. a4 Bd7 15. Qd2 Ne4 16. Qe3 Na6 17. 0-0 Nb4 18. Qc1 Nxd5 19. Bc4 Be6 20. c3 Nf4 21. Bxe6+ Qxe6 22. Qd1 Qg6 23. g3 Nxh3+ 24. Kg2 Qg4 25. Qd5+ Kh7 26. Nh2 Nf4+ 27. Kh1 Qh3 28. gxf4 Qxh4 29. Kg2 Rg8 30. Qe6 Qxf4 31. Qe7 Qg5+ 32. Qxg5 hxg5 33. Kf3 g4+ 34. Nxg4 Ng5+ 35. Kg3 fxg4 36. Kxg4 Bh6 37. Kh5 Nf3 0-1

[Event "Brandenburg-ch Seniors 12th"]
[Site "Lindow/Mark"]
[Date "2004.09.18"]
[Round "1"]
[White "Heinze, Johannes"]
[Black "Thormann, Werner"]
[Result "1/2-1/2"]
[WhiteElo "1490"]
[BlackElo "1789"]
[PlyCount "117"]
[EventDate "2004.09.18"]
[EventType "swiss"]
[EventRounds "9"]
[EventCountry "GER"]
[SourceTitle "EXT 2006"]
[Source "ChessBase"]
[SourceDate "2005.11.24"]
[SourceVersion "1"]
[SourceVersionDate "2005.11.24"]
[SourceQuality "1"]

1. e4 c5 2. f4 Nc6 3. c3 Nf6 4. d3 d6 5. Be2 g6 6. Nf3 Bg7 7. 0-0 Qc7 8. Na3 a6 9. Nc2 0-0 10. h3 e5 11. Nh2 d5 12. fxe5 Qxe5 13. Bf4 Qe6 14. Bf3 d4 15. c4 Ne5 16. Be2 b5 17. Nf3 Nfd7 18. b3 Bb7 19. Nd2 Bc6 20. Qe1 f5 21. exf5 Qxf5 22. Qg3 Qe6 23. Ne4 bxc4 24. Ng5 Qe7 25. bxc4 Nxc4 26. Bf3 Bxf3 27. Qxf3 Ne3 28. Nxe3 Qxe3+ 29. Kh1 Qxf3 30. Rxf3 Ne5 31. Bxe5 Bxe5 32. Raf1 Rxf3 33. Rxf3 Ra7 34. Ne4 Rb7 35. g4 Rc7 36. Nf6+ Bxf6 37. Rxf6 c4 38. dxc4 a5 39. Rd6 Rxc4 40. Kg2 Ra4 41. Kg3 g5 42. Rd5 h6 43. Kf3 Rxa2 44. Rxd4 Ra3+ 45. Kg2 a4 46. Rd2 Rb3 47. Rd8+ Kg7 48. Ra8 a3 49. Ra6 Rb2+ 50. Kf3 a2 51. Ke4 Rb4+ 52. Ke5 Rb5+ 53. Ke4 Rb2 54. Kf5 Rf2+ 55. Ke5 Rh2 56. Kf5 Rf2+ 57. Ke5 Rb2 58. Kf5 Rb5+ 59. Ke4 1/2-1/2

[Event "Brandenburg-ch Seniors 10th"]
[Site "Lindow"]
[Date "2002.09.16"]
[Round "2"]
[White "Heinze, Johannes"]
[Black "Von Janta, Lothar"]
[Result "0-1"]
[WhiteElo "1412"]
[BlackElo "1743"]
[PlyCount "56"]
[EventDate "2002.09.??"]
[EventType "swiss"]
[EventRounds "7"]
[EventCountry "GER"]
[SourceTitle "EXT 2006"]
[Source "ChessBase"]
[SourceDate "2005.11.24"]
[SourceVersion "1"]
[SourceVersionDate "2005.11.24"]
[SourceQuality "1"]

1. e4 e6 2. d4 d5 3. Bd3 c5 4. exd5 Qxd5 5. dxc5 Qxg2 6. Qf3 Qxf3 7. Nxf3 Bxc5 8. b3 Ne7 9. Bb2 f6 10. Rg1 Kf7 11. Nbd2 Ng6 12. Ne4 Bb4+ 13. c3 Be7 14. 0-0-0 Nc6 15. Kb1 a6 16. Ng3 Nce5 17. Be4 Nxf3 18. Bxf3 Rb8 19. Nh5 Rd8 20. Rde1 b5 21. Be4 Bb7 22. Bc2 Rd2 23. Bxg6+ hxg6 24. Nf4 Bc5 25. Rxe6 Rxf2 26. Nd3 Rxb2+ 27. Kxb2 Bxg1 28. Rd6 Ke7 0-1

[Event "Brandenburg Seniors op 10th"]
[Site "Uckley"]
[Date "2001.09.25"]
[Round "2"]
[White "Heinze, Johannes"]
[Black "Junge, Karl Heinz"]
[Result "1-0"]
[WhiteElo "1366"]
[BlackElo "1673"]
[PlyCount "49"]
[EventDate "2001.09.??"]
[EventType "swiss"]
[EventRounds "7"]
[EventCountry "GER"]
[SourceTitle "EXT 2006"]
[Source "ChessBase"]
[SourceDate "2005.11.24"]
[SourceVersion "1"]
[SourceVersionDate "2005.11.24"]
[SourceQuality "1"]

1. e4 g6 2. d4 Bg7 3. Bc4 d6 4. c3 Nf6 5. Qc2 0-0 6. Ne2 Nc6 7. 0-0 e5 8. d5 Ne7 9. Bg5 Kh8 10. Nd2 Nfg8 11. Ng3 f6 12. Be3 f5 13. exf5 Nxf5 14. Nde4 Nxe3 15. fxe3 Bh6 16. Qe2 Bd7 17. Rf2 Qe7 18. Raf1 Rxf2 19. Rxf2 Rf8 20. Bd3 a6 21. b3 Bf5 22. c4 Qh4 23. Qd1 Nf6 24. Nxf5 Ng4 25. Nxh4 1-0

[Event "Brandenburg Seniors op 09th"]
[Site "Uckley"]
[Date "2000.09.26"]
[Round "3"]
[White "Zelinski, Heinz"]
[Black "Heinze, Johannes"]
[Result "0-1"]
[WhiteElo "1230"]
[BlackElo "1436"]
[PlyCount "68"]
[EventDate "2000.09.25"]
[EventType "swiss"]
[EventRounds "7"]
[EventCountry "GER"]
[SourceTitle "EXT 2006"]
[Source "ChessBase"]
[SourceDate "2005.11.24"]
[SourceVersion "1"]
[SourceVersionDate "2005.11.24"]
[SourceQuality "1"]

1. e4 e5 2. Nf3 d5 3. exd5 e4 4. Qe2 f5 5. Ng1 Nf6 6. d3 Qxd5 7. Bd2 Be7 8. Nc3 Qc6 9. d4 0-0 10. Qc4+ Be6 11. Qxc6 Nxc6 12. Nge2 Rad8 13. Nf4 Nxd4 14. 0-0-0 Bf7 15. Be3 c5 16. Bxd4 cxd4 17. Nb5 Bc5 18. Nc7 Rd6 19. Nb5 Rd7 20. c3 d3 21. b3 Bxf2 22. Rd2 Be3 23. g3 Rc8 24. Bh3 g6 25. Re1 Bxd2+ 26. Kxd2 a6 27. Na3 b5 28. Nb1 Rdc7 29. Rc1 Nd5 30. Nxd5 Bxd5 31. g4 Be6 32. gxf5 gxf5 33. Rf1 Rf8 34. Rg1+ Rg7 0-1

[Event "Brandenburg Seniors op 09th"]
[Site "Uckley"]
[Date "2000.09.25"]
[Round "1"]
[White "Heinze, Johannes"]
[Black "Schneider, Miloca"]
[Result "0-1"]
[WhiteElo "1436"]
[BlackElo "1755"]
[PlyCount "52"]
[EventDate "2000.09.25"]
[EventType "swiss"]
[EventRounds "7"]
[EventCountry "GER"]
[SourceTitle "EXT 2006"]
[Source "ChessBase"]
[SourceDate "2005.11.24"]
[SourceVersion "1"]
[SourceVersionDate "2005.11.24"]
[SourceQuality "1"]

1. e4 d5 2. e5 Bf5 3. f4 c5 4. d3 Nc6 5. Nf3 e6 6. c3 d4 7. c4 Be7 8. Be2 f6 9. a3 Qc7 10. Qa4 Nh6 11. 0-0 Nf7 12. exf6 Bxf6 13. Qb5 Be7 14. Bd2 0-0 15. Qb3 e5 16. fxe5 Nfxe5 17. Bf4 Nxf3+ 18. Rxf3 Qd7 19. Nd2 Bg4 20. Rg3 Bxe2 21. Bh6 Bf6 22. Ne4 Be5 23. Nxc5 Qf7 24. Rxg7+ Bxg7 25. h3 Bxh6 26. Re1 Qf2+ 0-1

[Event "Brandenburg Seniors op 08th"]
[Site "Uckley"]
[Date "1999.09.23"]
[Round "5"]
[White "Hirr, Rudi"]
[Black "Heinze, Johannes"]
[Result "1-0"]
[WhiteElo "1791"]
[BlackElo "1524"]
[PlyCount "117"]
[EventDate "1999.09.??"]
[EventType "swiss"]
[EventRounds "7"]
[EventCountry "GER"]
[SourceTitle "EXT 2006"]
[Source "ChessBase"]
[SourceDate "2005.11.24"]
[SourceVersion "1"]
[SourceVersionDate "2005.11.24"]
[SourceQuality "1"]

1. Nf3 Nc6 2. d4 d5 3. g3 Nf6 4. Bg2 e6 5. 0-0 Bd6 6. Re1 0-0 7. c3 Nd7 8. e4 dxe4 9. Rxe4 Nb6 10. Re1 f6 11. a4 a5 12. Qb3 Qe8 13. c4 Bb4 14. Bd2 Qf7 15. Nc3 Rd8 16. Be3 Ne7 17. Red1 Bd7 18. Na2 Bxa4 19. Qd3 Bxd1 20. Rxd1 c6 21. Bh3 g6 22. d5 Nexd5 23. cxd5 Rxd5 24. Nd4 f5 25. Bg2 Rd7 26. Nxb4 axb4 27. Qb3 Rad8 28. Bf3 e5 29. Ne6 Rxd1+ 30. Bxd1 Rd7 31. Be2 Nd5 32. Ng5 Qf6 33. Bc4 Qe7 34. Nf3 Kg7 35. Bd2 e4 36. Bxd5 cxd5 37. Bxb4 Qe8 38. Bc3+ Kg8 39. Ne5 Rd8 40. Qxb7 d4 41. Nc6 Rd7 42. Qb3+ Rf7 43. Nxd4 e3 44. fxe3 Qxe3+ 45. Kg2 f4 46. gxf4 Qxf4 47. Qc4 Qf2+ 48. Kh1 h5 49. Qc8+ Kh7 50. Qc4 h4 51. Qe2 Qf4 52. Ne6 Qf5 53. Nd4 Qd5+ 54. Kg1 h3 55. Qg4 Qh1+ 56. Kxh1 Rf1+ 57. Qg1 Rf7 58. Ne6 Re7 59. Nf8+ 1-0

[Event "Brandenburg Seniors op 08th"]
[Site "Uckley"]
[Date "1999.09.22"]
[Round "4"]
[White "Heinze, Johannes"]
[Black "Augustat, Siegfried"]
[Result "0-1"]
[WhiteElo "1524"]
[BlackElo "1757"]
[PlyCount "40"]
[EventDate "1999.09.??"]
[EventType "swiss"]
[EventRounds "7"]
[EventCountry "GER"]
[SourceTitle "EXT 2006"]
[Source "ChessBase"]
[SourceDate "2005.11.24"]
[SourceVersion "1"]
[SourceVersionDate "2005.11.24"]
[SourceQuality "1"]

1. e4 c5 2. c3 d5 3. e5 Nc6 4. f4 d4 5. d3 f6 6. Nf3 Bg4 7. Nbd2 dxc3 8. bxc3 fxe5 9. fxe5 Qc7 10. Qa4 Bd7 11. Qf4 h6 12. h4 Nf6 13. Nc4 Nd5 14. Qd2 b5 15. Nb2 Nxe5 16. Be2 Ng4 17. 0-0 Nde3 18. Re1 Bc6 19. Nd1 Bxf3 20. Bxf3 Qh2# 0-1

[Event "Brandenburg Seniors op 08th"]
[Site "Uckley"]
[Date "1999.09.21"]
[Round "3"]
[White "Brandt, Fred"]
[Black "Heinze, Johannes"]
[Result "0-1"]
[WhiteElo "1745"]
[BlackElo "1524"]
[PlyCount "112"]
[EventDate "1999.09.??"]
[EventType "swiss"]
[EventRounds "7"]
[EventCountry "GER"]
[SourceTitle "EXT 2006"]
[Source "ChessBase"]
[SourceDate "2005.11.24"]
[SourceVersion "1"]
[SourceVersionDate "2005.11.24"]
[SourceQuality "1"]

1. d4 Nf6 2. Nf3 Nc6 3. Bg5 e6 4. e3 Be7 5. Bd3 Nb4 6. 0-0 Nxd3 7. Qxd3 d5 8. Nbd2 0-0 9. c4 h6 10. Bh4 Nh7 11. Bxe7 Qxe7 12. cxd5 exd5 13. Rac1 Be6 14. Ne5 Rac8 15. Nb3 Qd6 16. Nc5 Rb8 17. f4 f5 18. Nxe6 Qxe6 19. Rxc7 Qb6 20. Rc2 Qe6 21. Rfc1 Nf6 22. Qb3 Qa6 23. Rc7 Qe2 24. R7c2 Qa6 25. Kf2 Rbd8 26. a3 h5 27. h3 h4 28. Ng6 Ne4+ 29. Kg1 Qxg6 30. Qxb7 Rf7 31. Qb3 Qg3 32. Qd3 Rf6 33. Rf1 Nd6 34. Rf3 Qe1+ 35. Rf1 Qg3 36. Rf3 Qg6 37. Rc7 Nc4 38. b3 Nd6 39. Rxa7 Rc8 40. Ra5 Qf7 41. Rf1 Ne4 42. b4 Rfc6 43. Re1 Rc2 44. Re2 R2c3 45. Qb5 Nf6 46. Re1 Qg6 47. Qe2 Qg3 48. Rc5 Ne4 49. Rxc8+ Rxc8 50. Rf1 Rc3 51. Rf3 Qg6 52. a4 Qc6 53. Qa2 Rc2 54. Qb3 Nd2 55. b5 Nxf3+ 56. gxf3 Qg6+ 0-1

[Event "Brandenburg-ch Seniors 07th"]
[Site "Uckley"]
[Date "1999.??.??"]
[Round "4"]
[White "Heinze, Johannes"]
[Black "Hudasch, Klaus"]
[Result "0-1"]
[WhiteElo "1464"]
[BlackElo "1735"]
[PlyCount "64"]
[EventDate "1999.06.??"]
[EventType "swiss"]
[EventRounds "7"]
[EventCountry "GER"]
[SourceTitle "EXT 2006"]
[Source "ChessBase"]
[SourceDate "2005.11.24"]
[SourceVersion "1"]
[SourceVersionDate "2005.11.24"]
[SourceQuality "1"]

1. e4 e5 2. Nf3 Nc6 3. Bc4 Bc5 4. c3 d6 5. 0-0 Bg4 6. Qb3 Nh6 7. Be2 Bb6 8. d3 Bxf3 9. Bxf3 Qf6 10. Be3 0-0 11. Nd2 Na5 12. Qc2 c5 13. Be2 Qe6 14. h3 f5 15. exf5 Nxf5 16. Bg4 Qg6 17. Bxf5 Rxf5 18. Nf3 Rxf3 19. Qe2 Rxh3 20. g3 Rh5 21. Qf3 Rf8 22. Qg2 Nc6 23. Rad1 Rhf5 24. Rd2 Rf3 25. Qh3 h5 26. Kg2 Qg4 27. Qh2 d5 28. Rh1 d4 29. cxd4 cxd4 30. Bh6 gxh6 31. Qg1 Rxd3 32. Rxd3 Qe4+ 0-1

[Event "Brandenburg-ch Seniors 07th"]
[Site "Uckley"]
[Date "1999.??.??"]
[Round "7"]
[White "Heinze, Johannes"]
[Black "Petersohn, Horst"]
[Result "0-1"]
[WhiteElo "1464"]
[BlackElo "1767"]
[PlyCount "100"]
[EventDate "1999.06.??"]
[EventType "swiss"]
[EventRounds "7"]
[EventCountry "GER"]
[SourceTitle "EXT 2006"]
[Source "ChessBase"]
[SourceDate "2005.11.24"]
[SourceVersion "1"]
[SourceVersionDate "2005.11.24"]
[SourceQuality "1"]

1. e4 c5 2. Nf3 e6 3. c3 Nc6 4. Be2 d5 5. e5 Qc7 6. d4 cxd4 7. cxd4 Nge7 8. 0-0 Qb6 9. Nc3 Nf5 10. Na4 Qc7 11. g4 Nfe7 12. Be3 Ng6 13. Rc1 Be7 14. Nd2 0-0 15. f4 Qd8 16. Rf3 Bd7 17. Qf1 Nxd4 18. Bxd4 Bxa4 19. b3 Bc6 20. g5 Bxg5 21. fxg5 Qxg5+ 22. Rg3 Qxd2 23. Be3 Qb2 24. Bc5 Rfd8 25. Bd6 Qd4+ 26. Kh1 Nxe5 27. Qf6 Qe4+ 28. Bf3 Qxf3+ 29. Rxf3 Nxf3 30. Qf4 f6 31. Ba3 Ne5 32. Qg3 Rd7 33. h4 Kf7 34. Rg1 d4+ 35. Kh2 Nf3+ 36. Kh3 Nxg1+ 37. Qxg1 d3 38. Qd1 g6 39. Bc5 b6 40. Be3 Rad8 41. Qd2 Rd5 42. b4 Rf5 43. a3 e5 44. Kg3 Rf3+ 45. Kh2 e4 46. Kg2 Rxe3 47. Qxe3 d2 48. Qb3+ Kg7 49. Qd1 e3+ 50. Kf1 Bf3 0-1